000 00713nam a2200217Ia 4500
003 GCL
008 140319s9999 xx 000 0 ara d
040 _aGCL /
_cGCL
082 0 4 _a001.5
_bس ب
100 1 _aسهير جاد
245 1 0 _aالبرامج الثقافية فى الراديو والتليفزيون /
_cسهير جاد
700 1 _aسامية احمد على
260 _aالقاهرة :
_bدار الفجر للنشر والتوزيع ،
_c1997
300 _a266 ص ؛
_c25 سم
650 0 4 _aالثقافة
650 0 4 _aالبرامج
650 0 4 _aوسائل الاعلام
650 0 4 _aبرامج التليفزيون
650 0 4 _aبرامج الاذاعة
942 _2ddc
_cBK
999 _c52107
_d52107